[Event "Varde Weekend-B"]
[Site "Varde"]
[Date "2015.04.26"]
[Round "4"]
[White "Pedersen, Lars Wisler"]
[Black "Jensen, Byrial"]
[Result "1-0"]
[WhiteElo "1837"]
[BlackElo "1753"]
[PlyCount "63"]
[EventDate "2015.04.24"]
[EventType "tourn"]
[EventRounds "5"]
[EventCountry "DEN"]
[SourceTitle "EXT 2023"]
[Source "ChessBase"]
[SourceDate "2022.10.05"]
[SourceVersion "1"]
[SourceVersionDate "2022.10.05"]
[SourceQuality "1"]

1. e4 e5 2. Nf3 Nf6 3. Nc3 Nc6 4. d4 exd4 5. Nxd4 Bb4 6. Nxc6 bxc6 7. Qd4 Qe7 8. Bd2 0-0 9. Bd3 Re8 10. 0-0 a5 11. Rae1 Ng4 12. e5 Nxe5 13. Ne4 c5 14. Bxb4 cxd4 15. Bxe7 Rxe7 16. Ng5 h6 17. f4 hxg5 18. Rxe5 Kf8 19. Rxe7 Kxe7 20. fxg5 Ba6 21. Bxa6 Rxa6 22. h4 Rc6 23. Rf2 Rc5 24. Kf1 Ke6 25. Ke1 Rf5 26. Rd2 c5 27. c3 Rf4 28. g3 Rf3 29. Rg2 Kf5 30. Rf2 Ke4 31. Rxf3 Kxf3 32. h5 1-0

[Event "Politiken Cup 31st"]
[Site "Helsingor"]
[Date "2009.07.20"]
[Round "4"]
[White "Madland, Kristoffer"]
[Black "Jensen, Byrial"]
[Result "1-0"]
[WhiteElo "2017"]
[BlackElo "1817"]
[PlyCount "31"]
[EventDate "2009.07.18"]
[EventType "swiss"]
[EventRounds "10"]
[EventCountry "DEN"]
[SourceTitle "CBM 131 Extra"]
[Source "ChessBase"]
[SourceDate "2009.09.03"]
[SourceVersion "2"]
[SourceVersionDate "2009.09.16"]
[SourceQuality "1"]

1. e4 e5 2. Nf3 Nc6 3. Bb5 a6 4. Ba4 Nf6 5. 0-0 Be7 6. Re1 b5 7. Bb3 0-0 8. a4 b4 9. d4 d6 10. h3 exd4 11. Nxd4 Nxd4 12. Qxd4 a5 13. Nd2 Nd7 14. Bd5 Bf6 15. Qe3 Rb8 16. Nc4 1-0